|
|
|
|
| LEADER |
01029nam a2200253 a 4500 |
| 001 |
12369072 |
| 008 |
090819s2000 vaua b 000 0 eng d |
| 010 |
|
|
|a 00131612
|
| 020 |
|
|
|a 0939791889
|
| 040 |
|
|
|a DGW
|c DGW
|d WEA
|d DLC
|
| 082 |
0 |
0 |
|a 428/.00285
|2 21
|
| 100 |
1 |
|
|a Warschauer, Mark.
|
| 245 |
1 |
0 |
|a Internet for English teaching /
|c Mark Warschauer, Heidi Shetzer, and Christine Meloni.
|
| 260 |
|
|
|a Alexandria, Va. :
|b TESOL,
|c c2000.
|
| 300 |
|
|
|a ix, 178 p. :
|b ill. ;
|c 23 cm.
|
| 504 |
|
|
|a Includes bibliographical references (p. 133-150, 163-166).
|
| 541 |
1 |
|
|e 00017115
|
| 650 |
|
0 |
|a English language
|x Study and teaching
|x Foreign speakers
|x Computer network resources.
|
| 650 |
|
0 |
|a Internet in education.
|
| 700 |
1 |
|
|a Shetzer, Heidi.
|
| 700 |
1 |
|
|a Meloni, Christine F.
|
| 852 |
4 |
|
|a Ayesha Abed Library
|j General Shelf.
|
| 999 |
|
|
|c 3468
|d 3468
|
| 952 |
|
|
|0 0
|1 0
|2 ddc
|4 0
|6 428_002850000000000_WAR_2000
|7 0
|9 3148
|a BRACUL
|b BRACUL
|c GEN
|d 2009-09-01
|g 4400.00
|l 7
|m 28
|o 428.00285 WAR
|p 3010017115
|r 2025-12-03
|s 2025-11-18
|t 1
|w 2009-09-01
|y BK
|